000 00508nam a22001817a 4500
010 _a1516EN07
020 _a9789351451013
_c695.00
037 _aDPL
_bUBH/Ven
100 _aKelkars,R.V.
245 _aCriminal Procedure /
_cby R.V. Kelkar's
250 _a6th ed
260 _aLucknow
_bEastern Book Company
_c2014
270 _a34,Lal Bagh ,
_bLucknow
_e226001
300 _a940p.
_c24cm(pbk)
_bill.
700 _aRobert C.Fay
942 _2ddc
_cEN
999 _c96445
_d96445